Word Ladder: Lowly Workers Quiz Stats

Quiz Updated Dec 28, 2015

Challenge
Share
Tweet
Embed
Score 0/17 Timer 02:00
0 Plays Today
Clue 4-Letter Word % Correct
12:00NOON
95.6%
A geek or dorkNERD
95.1%
A green space in an urban areaPARK
93.9%
A bird of preyHAWK
93.4%
A benefit, like through employmentPERK
91.2%
A soft foamy brand of kids sports toysNERF
91.2%
A bird or a crazy personLOON
91%
Actress Goldie of 'Private Benjamin'HAWN
90.4%
When electrified, a colorful inert gasNEON
90%
Clue 4-Letter Word % Correct
What a sentry might say as you approachHARK
89.2%
Extreme physical anguishPAIN
88%
A cut of beefLOIN
87.9%
Having reclinedLAIN
85.4%
• A person of insignificance or a lowly worker •• PAWN •
85.4%
Newsman Hapley of 'Parks and Rec'PERD
84.5%
• A person of insignificance or a lowly worker •• SERF •
80.4%
• A person of insignificance or a lowly worker •• PEON •
77%

Today's Daily Dose

Missing Word
1998 A-Z Movies

Word Ladder
5 Vowel Sounds

Quick Pick
Legal Terms

On This Day
June 25th II

You're not logged in!

Compare scores with friends on all Sporcle quizzes.
Join for Free
OR
Log In

You Might Also Like...

Show Comments

Extras

Top Quizzes Today


Score Distribution

Your Account Isn't Verified!

In order to create a playlist on Sporcle, you need to verify the email address you used during registration. Go to your Sporcle Settings to finish the process.

Report this User

Report this user for behavior that violates our Community Guidelines.

Details: